Modern-Day Countries of the Blogging Empire on a Map - Statistics

General Stats
  • This quiz has been taken 1,689 times
  • The average score is 25 of 27
Answers on the Map
Answers color-coded by a green-red scale on the quiz's map according to % correct below.
 
Answer Stats
Country % Correct
Canada
99%
France
99%
United Kingdom
99%
United States
99%
China
98%
Australia
97%
Brazil
97%
India
97%
Spain
97%
Germany
96%
Nepal
96%
Switzerland
96%
Turkey
96%
Ukraine/Russia
96%
New Zealand
95%
Portugal
95%
South Korea
94%
Bulgaria
93%
Ireland
93%
Mexico
93%
Belgium
92%
Philippines
91%
Serbia
91%
Latvia
90%
United Arab Emirates
87%
Botswana
86%
Cyprus
82%
No matching quizzes found
Score Distribution
Percent of People with Each Score
Percentile by Number Answered
Your Score History
You have not taken this quiz